000 00450nam a2200181Ia 4500
003 GCL
008 140319s9999 xx 000 0 eng d
040 _aGCL /
_cGCL
082 0 4 _a843
_bB D
100 1 _aBARBIN, HERCULINE
245 1 0 _aDITE ALEXINA B. /
_cBARBIN, HERCULINE
260 _a[S.N] :
_bFOLIO ،
_c1993
300 _a762 P
490 _aCOLLECTION FOLIO
_v0
650 0 4 _aLITERATURE
650 0 4 _aFRENCH LITERATURE
942 _2ddc
_cBK
999 _c22742
_d22742